000 00265nam a2200109Ia 4500
008 190216s9999||||xx |||||||||||||| ||und||
100 _aSheldon H P Etc
245 0 _aPractice And Law Of Banking
260 _bVikas Publishing House
650 _aCommerce
942 _cBK
999 _c3932
_d3932